Quizzes
Events
Quiz Creation
Community
Videos
Private Events
Remove Ads
Sign In
Join for FREE
Feedback
Dark Mode
Quiz Categories
Sports
Geography
Music
Movies
Television
Just For Fun
Miscellaneous
History
Literature
Language
Science
Gaming
Entertainment
Religion
Holiday
For Kids
Quiz Lab
Recent
Popular Today
Quiz Kudos Today
Editor Picks
Curator Picks
Quizzes by...
Day
Popularity
Type
Ratings
Length
Year
Community
Subscriptions
Recent Discussions
Orange Saloon
Badges
Playlists
Quests
Create
Leaderboards
Showdown
Live 5
Trivia Bingo
Activity
Puzzle Library
Sporcle Events
Private Events
Virtual Trivia
Globe League
Become a Host
Pub Owners
SporcleCon
Opinionation
Our Games
Videos
Blog
Mobile Apps
Partnerships
Remove Ads and Go Orange
Feedback
Music
Pop Music
The Beatles
Song
Album
Lyrics
Bands
Singers
Artist
Clip
Rock
Rap
Classical
Billboard
Country Music
Kpop
Taylor Swift
Music
Pop Music
The Beatles
Song
Album
Lyrics
Bands
Singers
Artist
Clip
Rock
Rap
Classical
Billboard
Country Music
Kpop
Taylor Swift
Random Quiz
Search Sporcle
×
Featured
Featured
Music
Lyrics
Type in answers that appear in a list
Type in answers that appear in a list
Classic
Best Score? Go Orange.
'Viva Las Vegas' Lyrics Stats
Can you name the lyrics to 'Viva Las Vegas' by Elvis Presley?
By
Pilgab
7m
234 Questions
27.3K Plays
27,264 Plays
27,264 Plays
Comments
Comments
Give Quiz Kudos
Give Quiz Kudos
-
- Ratings
hide this ad
Replay
Link that replays current quiz
Next Quiz
Link to next quiz in quiz playlist
You Got
0%
They Got
Avg Score
55%
Avg Friend Score
Upgrade to see
Score Distribution
Jump to the score distribution portion of the page
Score
0/234
Timer
07:00
8
Plays Today
% Correct
Las
98.6%
Las
98.5%
Las
98.5%
Las
98.5%
Las
98.5%
Las
98.5%
Las
98.5%
Las
98.5%
Las
98.5%
Viva
98.5%
Viva
98.5%
Viva
98.5%
Viva
98.5%
Viva
98.5%
Viva
98.5%
Viva
98.5%
Viva
98.5%
Viva,
98.5%
Viva
98.5%
Las
98.5%
Vegas,
98.4%
Vegas
98.4%
Vegas,
98.4%
Vegas
98.4%
Vegas
98.4%
Vegas
98.4%
Vegas,
98.4%
Vegas,
98.4%
Vegas
98.4%
Viva
98.4%
Vegas,
98.3%
a
95.6%
a
95.6%
a
95.6%
A
95.6%
a
95.6%
a
95.6%
a
95.6%
a
95.6%
I
95.3%
I
95.3%
I
95.3%
I
95.3%
the
93.5%
the
93.5%
the
93.5%
the
93.5%
the
93.5%
the
93.5%
the
93.5%
the
93.5%
on
88.6%
on
88.6%
on
88.6%
So
84.3%
to
84%
to
84%
And
83.7%
And
83.7%
and
83.7%
and
83.7%
and
83.7%
and
83.7%
And
83.7%
my
83.2%
my
83.2%
my
83.2%
gonna
78.1%
Gonna
78.1%
gonna
78.1%
gonna
78.1%
gonna
78.1%
of
76.3%
of
76.3%
light
75.3%
in
75.1%
you
73.7%
you
73.7%
% Correct
city
72%
there
71.4%
there
71.4%
there
71.4%
Bright
68.5%
soul
67.7%
soul
67.7%
set
66.7%
set
66.7%
that
66.3%
that
66.3%
fire
65%
money
62.6%
me
60.4%
me
60.4%
me
60.4%
I'm
59.2%
I'm
59.2%
I'm
59.2%
I'm
59.1%
all
57.6%
All
57.6%
All
57.6%
love
57.5%
be
57.3%
it
57.2%
it
57.2%
it
57.2%
get
57.1%
up
56.9%
up
56.9%
up
56.9%
lot
55.9%
if
55.4%
If
55.4%
If
55.4%
If
55.4%
Got
54.2%
got
54.2%
with
52.5%
with
52.5%
with
52.5%
your
52.4%
whole
52.1%
were
52%
were
52%
day
51.7%
day
51.7%
How
48.9%
burn,
48.4%
those
48.1%
those
48.1%
women
48.1%
your
46.8%
more
45.7%
more
45.7%
There's
45.6%
there's
45.6%
out
45%
devil
45%
devil
45%
ready
44.9%
just
44.1%
higher
42.9%
stakes
42.5%
pretty
42.2%
wish
41.5%
that's
41.4%
Than
41.1%
may
40.5%
one
40.5%
night
39.4%
black
38.7%
care
38.6%
thousand
38.5%
ev'ry
37.8%
ev'ry
37.8%
jack
37%
% Correct
they're
35.6%
spare
35.3%
waitin'
35.2%
hours
35.2%
poker
34.8%
won
34.5%
roulette
33.8%
twenty-four
33.8%
have
33.1%
wheel
32.9%
time
32.7%
livin'
32.7%
see
31.9%
down
29.8%
Oh,
29.8%
sleep
29.3%
lost
28.7%
even
28.6%
wouldn't
27.7%
minute
27%
some
26.8%
away
26.7%
neon
26.3%
fortune
26.1%
need's
26.1%
forty
25.9%
deal
25.9%
heart
25.5%
never
24.8%
dice
24.7%
into
23.9%
into
23.9%
luck
23.5%
I'll
23.2%
let
23.1%
Let
23.1%
hot
23%
had
22.4%
fun
22%
steel
21.8%
I've
21.5%
You'll
21.2%
give
21%
flashin'
20.9%
Lady
20.7%
nerve
20.7%
very
20.1%
well
19.5%
arm
19.4%
run
19.3%
same
18.5%
stay
18.4%
last
18.3%
again
18.2%
'Cause
18.1%
bandits
17.9%
strong
17.4%
drain
17%
once
16.9%
dime
16.9%
turnin'
16.4%
Turnin'
16.4%
keep
16.2%
hopes
15.1%
crashin'
15%
daytime
14.8%
always
14.6%
shot
14.3%
nighttime
14.1%
seven
13.9%
ev'rything
13.7%
please
13.6%
costs
13.5%
broke
13.4%
swingin'
12.7%
wind
12.6%
shoot
12.5%
remember
12.2%
Quiz Playlist
Details
Report
Send in Message
Add To Playlist
Classic:
Type in answers that appear in a list
Quiz Source
Last Updated: Feb 20, 2020
Featured
Quiz Scoreboard
CHALLENGE
Sign Up to Join the Scoreboard
Show All
Scores
Hide
Comments
May contain spoilers
Recently Published
College Basketball Coaching Resumes
by pancakes188
Sports
9m
Billboard Blitz: Fleetwood Mac
by CooCooCachoo
Music
15s
Presidents Visiting Landmarks
by Hejman
History
7m
More to Explore
Quiz From the Vault
Featured Blog Post
Where Did the Easter Bunny Come From?
hide this ad
You Might Also Like...
Tags
Lyrics Quiz
Rock Quiz
Song Quiz
Classic Rock
Elvis Presley
Las Vegas
Today's Top Quizzes in Music
Browse Music
hide this ad
Today's Top Quizzes in Lyrics
Browse Lyrics
Top Contributed Quizzes in Music
1
Taylor Swift All Songs (2024)
2
Guess the Artist- 70s Songs
3
7-to-1: Billboard Hot 100 #1 Hits of 2010s
4
Sorting Albums and Songs
5
Taylor Swift Logic Puzzle
6
KPOP LOGIC QUIZ
7
One Thing in Common: Music
8
Guess the Taylor Swift song (Mystery Song)
9
2010s Album by Cover III
10
Guess The Taylor Swift Lyrics Song #1
Explore More
Trending Topics
NBA
Kpop
Anime
Harry Potter
Marvel
Disney
Crossword
The Office
Soccer
Pokémon
Puzzle
Song
WWE
Country
NFL
hide this ad
More By:
Pilgab
Quiz
Plays
Rating
Category
Featured
Created
20th Century Wars in Order
199,613
3.69
History
Jan 25, 2019
Animal Spelling Bee
189,717
4.34
Language
Aug 8, 2019
Disney Spelling Bee
181,322
4.05
Movies
Aug 22, 2019
Rubik's Cube Colors
160,534
4.56
Gaming
Nov 8, 2018
10 Most Spoken Languages of Europe
124,911
4.34
Language
Jun 29, 2020
Go to Creator's Profile
Score Distribution
Quiz Creator Spotlight
Pilgab
Follow
Send a Message
Quizzes Created
-
Created Quiz Play Count
-
More By This Creator
Popular Quizzes Today
1
Find the US States - No Outlines Minefield
2
Find the Countries of Europe - No Outlines Minefield
3
The Countries of the World
4
Find the US States
5
Risky Map Clicking: Biggest States A-Z
6
US States
7
Popular People in 1961
8
Movies - When Are They Set?
More Music Quizzes
Badly Drawn Rock Stars IV
Quiz Lab
Trending Quizzes
Risky Map Clicking: Least Populous States A-Z
1-10 Letter G Words
1-10 Letter F Words
Risky Map Clicking: Next State Alphabetically
Click the Washington State Counties! (Map)
Recently Updated
Leaping Animals
pecheneg
Reality TV Shows (A-Z)
bhenderson79
Rickey Henderson's Hall of Fame Teammates
pecheneg
Champions League XIs: Arsenal
pecheneg
Quick Pick: Celebrities in WWE's Hall of Fame
aduchscher
A-Z Keypad Blitz II
pecheneg
Multiple Oscar Actors
pecheneg
Mystery Phrase Blitz: Oscar 'Best Actors'
pecheneg
F. Scott Fitzgerald Novels
LTH
Pick 3 Villains
ddd62291
Trending Topics
Disney
Harry Potter
Marvel
Crossword
NBA
Anime
Kpop
Country
Puzzle
NFL
Soccer
Song
The Office
WWE
Pokémon
Your Account Isn't Verified!
In order to create a playlist on Sporcle, you need to verify the email address you used during registration. Go to your
Sporcle Settings
to finish the process.
Report this User
Report this user for behavior that violates our
Community Guidelines
.
Details:
Send Report
Go to the Sporcle.com Mobile Site →
Comments